UCSC Library OPAC

Rule based expert systems: the MYCIN experiments of the stanford heuristic programming project (Record no. 24892)

MARC details
000 -LEADER
fixed length control field 00557nam a2200193Ia 4500
008 - FIXED-LENGTH DATA ELEMENTS--GENERAL INFORMATION
fixed length control field 240510s9999 xx 000 0 und d
020 ## - INTERNATIONAL STANDARD BOOK NUMBER
International Standard Book Number 0000201101726
041 ## - LANGUAGE CODE
Language code of text/sound track or separate title English
082 ## - DEWEY DECIMAL CLASSIFICATION NUMBER
Classification number 006.33
082 ## - DEWEY DECIMAL CLASSIFICATION NUMBER
Cutter number B83
100 ## - MAIN ENTRY--PERSONAL NAME
Personal name BUCHANAN, Bruce G. & SHORTLIFFE, EDWARD H.
245 #0 - TITLE STATEMENT
Title Rule based expert systems: the MYCIN experiments of the stanford heuristic programming project
260 ## - PUBLICATION, DISTRIBUTION, ETC.
Name of publisher, distributor, etc. Addison-Wesley, Reading, Mass
260 ## - PUBLICATION, DISTRIBUTION, ETC.
Date of publication, distribution, etc. 1984
300 ## - PHYSICAL DESCRIPTION
Extent (Pages) 748 p.
650 ## - SUBJECT ADDED ENTRY--TOPICAL TERM
Topical term or geographic name entry element Expert systems : knowledge engineering
942 ## - ADDED ENTRY ELEMENTS (KOHA)
Source of classification or shelving scheme Dewey Decimal Classification
942 ## - ADDED ENTRY ELEMENTS (KOHA)
Koha item type Lending Book
945 ## - LOCAL PROCESSING INFORMATION (OCLC)
creator borrowernumber 1
creator name Madushi Gamage
modifier borrowernumber 1
modifier name Madushi Gamage
Holdings
Withdrawn status Lost status Source of classification or shelving scheme Damaged status Not for loan Collection code Home library Current library Shelving location Date acquired Inventory number Total Checkouts Full call number Barcode Date last seen Price effective from Koha item type
Withdrawn   Dewey Decimal Classification     Lending Collection UCSC Library UCSC Library Lending Section 27/06/2024 226   006.33 B83 A10226 27/06/2024 27/06/2024 Lending Book